00722nam a2200181 i 4500001000700000003000900007005001700016008004100033040002000074100003600094245014700130246003600277250003800313260004800351300002600399650005300425852006200478164549ES-MaACL20250929063242.0981029s1726 it |||| | lat d aCAM bspa cCAM1 aSánchez, Tomás, d1550-161010aR.P. Thomae Sanchez ... é Societate Jesu, de sancto matrimonii sacramento disputationum tomus primus b: complectitur hic tomus libros VI...3 aDe sancto matrimonii sacramento aPosterior et accuratior editio... aVenetiis : bApud Nicolaum Pezzana, c1726. a[80], 380 p. ; cFol. 4aMatrimonio-xAspectos religiosos-xCristianismo. aES-MaACLjR-1558-59 z- Enc. piel x- Olim: G-1939-40